000 00467pab a2200181 454500
008 180718b2011 xxu||||| |||| 00| 0 eng d
100 _aNair, Sthanu R.
245 _aWheat price inflation in recent times: Causes, lessons and new perspectives
260 _c2011
300 _ap.58-65.
362 _a3 Sep
650 _aInflation
650 _aWheat
700 _aEapen, Leena Mary
773 _aEconomic and Political Weekly
908 _aN
909 _a93137
999 _c93137
_d93137